000 00682nam a22002177a 4500
999 _c2598
_d2598
001 2598
003 BD-JhCC
005 20171105095902.0
008 171105s19281959ii |||| ||a| 001 0 ben d
035 _a(BD-JhCC)2598
040 _aBD-JhCC
_dBD-JhCC
041 _aben
082 _a891.4409
_bSEN 1959
100 _aসেন, শশাঙ্কমোহন
245 _aমধুসূদন
_cশশাঙ্কমোহন সেন,
260 _aকলিকাতা :
_bএ, মুখার্জী অ্যাণ্ড কোং প্রাঃ লিঃ,
_c1959
300 _a187 p. :
_c18 cm.
650 _aBengali Literature
942 _2ddc
_cBK